Biggest Cities in Medieval Egypt under Saladin with a Map - Statistics

General Stats
  • This quiz has been taken 466 times
  • The average score is 16 of 40
Answers on the Map
Answers color-coded by a green-red scale on the quiz's map according to % correct below.
 
Answer Stats
Population Cities % Correct
200k Cairo
99%
50k Alexandria
97%
50k Al-Quds (Jerusalem)
95%
90k Damascus
94%
20k Mecca
90%
45k Aleppo
85%
10k Medina
85%
10k Tripoli
79%
20k Sana'a
78%
10k Gaza
75%
10k Aden
69%
50k Mosul
68%
10k Homs
56%
30k Acre
47%
30k Erbil
44%
20k Damietta
43%
10k Hama
36%
25k Raqqa
34%
25k Asyut
33%
40k Edessa (Şanlıurfa)
31%
10k Al-Khalil (Hebron)
29%
40k Amid (Diyarbakır)
29%
10k Askalan (Ashkelon)
25%
15k Faiyum
25%
15k Rosetta
21%
15k Mansura
19%
10k Mardin
15%
50k Qus
12%
20k El Mahalla El Kubra
10%
15k Harran
9%
20k Nasibin (Nusaybin)
9%
10k Damanhur
8%
10k Sinjar
6%
20k Zabid
5%
125k Tinnis
4%
20k Al-Bahnasa
3%
10k Fuwwah
3%
10k Menouf
3%
10k Bilbeis
2%
10k Hisn Kayfah (Hasankeyf)
2%
No matching quizzes found
Score Distribution
Percent of People with Each Score
Percentile by Number Answered
Your Score History
You have not taken this quiz